| 000 | 01082nam a22003737a 4500 | ||
|---|---|---|---|
| 001 | 0000430 | ||
| 003 | KOHA_MİRAKIL | ||
| 005 | 20260207001210.0 | ||
| 007 | ta | ||
| 008 | 090216b2005 tu |||gr||||#||||0|tur | | ||
| 020 |
_a9755917578 _cYTL21,69 |
||
| 040 |
_aTR-BiSEU _btur _cTR-BiSEU _erda |
||
| 041 | 0 | _atur | |
| 044 | _ctu | ||
| 050 |
_aQL615 _b.B37 2003 |
||
| 245 | 0 |
_aBalık biyolojisi araştırma yöntemleri/ _ceditör Mehmet Karataş. |
|
| 264 | 1 |
_aAnkara : _bNobel Yayınları _c2005 |
|
| 300 |
_a498 sayfa ; _c24 cm. |
||
| 336 |
_ametin _btxt _2rdacontent |
||
| 337 |
_aaracısız _bn _2rdamedia |
||
| 338 |
_acilt _bnc _2rdacarrier |
||
| 490 | 1 |
_aNobel yayın ; _vno. |
|
| 490 | 1 | _a772. | |
| 490 | 1 |
_aFen ve Biyoloji yayınları dizi ; _vno. |
|
| 490 | 1 | _a1 | |
| 650 | 0 |
_aZooloji (Hayvan bilim). _92565 |
|
| 650 | 0 |
_aSoğukkanlı omurgalılar. _92566 |
|
| 650 | 0 |
_aDeniz balıkları. _92567 |
|
| 830 | 1 |
_aNobel yayın ; _vno. _91510 |
|
| 830 | 1 |
_a772. _92568 |
|
| 830 | 1 |
_aFen ve Biyoloji yayınları dizi ; _vno. _92569 |
|
| 830 | 1 |
_a1 _92570 |
|
| 942 |
_2lcc _cBK |
||
| 999 |
_c431 _d431 |
||